00622 2200229 4500001002100000005001500021035002000036007000300056008004100059020002200100082001200122084001900134100002600153245009800179250001000277260002700287300002100314650002600335700000900361990001100370990001100381INLIS00000000000353420090102025523 a0010-0109000079ta090102 g 0 ind  a978-979-1256-37-7 a297.431 a297.431 MUH s0 aMUHAMMAD, Ansharullah1 aSutra Hitam: yang Terlarang dalam Berintim bagi Pasutri /cMuhammad Ansharullah; editor, Yudi acet.1 aSolo :bAl-Wafi,c2015 a238 hlm ;c21 cm 4aISLAM. FIQIH KELUARGA0 aYUDI a6813 a a6813 b